| 000 | 00868cam a2200277 a 4500 | ||
|---|---|---|---|
| 999 |
_c130262 _d130262 |
||
| 001 | 2887714 | ||
| 003 | ARRUPE | ||
| 005 | 20200203093147.0 | ||
| 008 | 881212s1985 rh b 000 0 eng | ||
| 010 | _a 86191997 | ||
| 020 | _a0869255843 (pbk.) | ||
| 040 |
_aDLC _cDLC _dDLC |
||
| 043 | _af-rh--- | ||
| 050 | 0 | 0 |
_aPL8014.Z55 _bG35 1985 |
| 082 | 0 | 0 |
_a809/.93352042 _219 |
| 100 | 1 |
_aGaidzanwa, Rudo B., _d1957- _923115 |
|
| 245 | 1 | 0 |
_aImages of women in Zimbabwean literature / _cRudo B. Gaidzanwa. |
| 260 |
_aHarare, Zimbabwe : _bCollege Press, _c1985. |
||
| 300 |
_a101 p. ; _c21 cm. |
||
| 504 | _aBibliography: p. 100-101. | ||
| 650 | 0 |
_aZimbabwean literature _xHistory and criticism. _949274 |
|
| 650 | 0 |
_aWomen in literature. _94598 |
|
| 650 | 0 |
_aWomen _zZimbabwe. _922989 |
|
| 906 |
_a7 _bcbc _corignew _d3 _encip _f19 _gy-gencatlg |
||
| 942 |
_2lcc _cMONOGRAPH |
||